[Event "Mechanics' Mar TNM; 30/90, SD/30"]
[Site "?"]
[Date "2012.09.19"]
[Round "8"]
[White "Bayaraa, Chinguin"]
[Black "Agdamag, Samuel"]
[Result "1-0"]
[WhiteElo "1270"]
[BlackElo "1413"]
[PlyCount "185"]
[EventDate "2012.08.07"]

1. d4 e6 2. c4 d5 3. Nc3 Nf6 4. Bg5 Be7 5. e3 c6 6. Nf3 dxc4 7. Bxc4 b5 8. Bb3
Nbd7 9. O-O O-O 10. Rc1 Bb7 11. Qe2 Re8 12. Rfd1 Nd5 13. Bxe7 Qxe7 14. Nxd5
exd5 15. Bc2 Nf6 16. Bb1 Rac8 17. h3 a6 18. b3 c5 19. dxc5 Rxc5 20. Nd4 Ne4 21.
Bxe4 dxe4 22. Rxc5 Qxc5 23. Qc2 Qxc2 24. Nxc2 f5 25. Nd4 Rd8 26. Rc1 g6 27. Kf1
Rc8 28. Rxc8+ Bxc8 29. Nc6 Kf8 30. Ke2 Ke8 31. Ne5 Ke7 32. Nc6+ Kd6 33. Nd4 Bd7
34. Kd2 Kc5 35. h4 h5 36. g3 b4 37. Ne2 Be8 38. Nf4 Kd6 39. Kc2 a5 40. Nh3 Kc5
41. Ng5 Kd6 42. Kb2 Kc5 43. Ne6+ Kb6 44. Ng5 Kb5 45. Ne6 Kb6 46. Nd4 Ka6 47.
Ne6 Kb6 48. Kc2 Bf7 49. Ng5 Be8 50. Ne6 Bb5 51. Nf4 Be8 52. Kb2 Bf7 53. Ne2 Ka6
54. Nd4 Kb6 55. a3 Kc5 56. a4 Kb6 57. Nb5 Kc6 58. Kc2 Kd7 59. Nd4 Kc7 60. Ne2
Kb6 61. Nf4 Kc7 62. Nh3 Be8 63. Ng5 Kd6 64. Nh3 Kc5 65. Nf4 Kb6 66. Ne6 Bf7 67.
Nf4 Kc7 68. Ne2 Kb6 69. Nd4 Ka7 70. Nc6+ Kb6 71. Ne5 Be8 72. Nc4+ Ka6 73. Nd6
Bd7 74. Nc4 Be6 75. Ne5 Bc8 76. Nxg6 Be6 77. Nf4 Bf7 78. Ne2 Bg8 79. Nd4 Bh7
80. Ne6 Bg6 81. Nf8 Bf7 82. Nh7 Bg6 83. Ng5 Kb6 84. Ne6 Bf7 85. Nd4 Bg6 86. Kd2
Bh7 87. Ke2 Ka6 88. f3 Kb6 89. fxe4 fxe4 90. Kd2 Ka6 91. Nc6 Kb6 92. Ne5 Kc7
93. Nc4 1-0

[Event "Mechanics' Winter TNM; 30/90, SD/30"]
[Site "San Francisco"]
[Date "2012.01.10"]
[Round "2.24"]
[White "Bayaraa, Chingun"]
[Black "Allen, Tom"]
[Result "1-0"]
[WhiteElo "1355"]
[BlackElo "1549"]
[PlyCount "85"]
[EventDate "2012.??.??"]

1. d4 Nf6 2. c4 e5 3. dxe5 Ng4 4. Bf4 Nc6 5. Nf3 Bb4+ 6. Nbd2 Qe7 7. e3 Ngxe5
8. Nxe5 Nxe5 9. a3 Bxd2+ 10. Qxd2 a5 11. Be2 O-O 12. O-O b6 13. Qd5 Nc6 14.
Bxc7 Qf6 15. Qd2 Ne5 16. Bxe5 Qxe5 17. Bf3 Ra7 18. Rab1 Rc7 19. Rfc1 Bb7 20.
Bxb7 Rxb7 21. b4 Ra8 22. c5 axb4 23. axb4 Rc8 24. cxb6 Qe8 25. Qd6 Qd8 26. Rxc8
Qxc8 27. Rd1 Qd8 28. Qc6 Rxb6 29. Qxd7 Qxd7 30. Rxd7 Kf8 31. Rd4 Ke7 32. g3 g5
33. Kg2 f5 34. Rc4 Ke6 35. f4 g4 36. e4 fxe4 37. Rxe4+ Kf6 38. h3 gxh3+ 39.
Kxh3 Rb5 40. g4 Rd5 41. g5+ Kf5 42. Re5+ Rxe5 43. fxe5 1-0

[Event "Mechanics' Summer TNM; 30/90, SD/30"]
[Site "San Francisco"]
[Date "2012.07.03"]
[Round "7.27"]
[White "Bayaraa, Chingun"]
[Black "Baker, Morgan"]
[Result "0-1"]
[WhiteElo "1270"]
[BlackElo "1354"]
[PlyCount "88"]
[EventDate "2012.??.??"]

1. d4 d5 2. c4 Nf6 3. Nc3 Bf5 4. Bf4 e6 5. e3 Nc6 6. Nf3 Bd6 7. Bg3 Bg6 8. Be2
Qe7 9. c5 Bxg3 10. hxg3 O-O-O 11. Bd3 Bh5 12. Be2 a6 13. Qd2 Rhe8 14. O-O-O Nb4
15. a3 Ne4 16. Nxe4 dxe4 17. axb4 exf3 18. gxf3 Bg6 19. Bd3 f5 20. Rhe1 e5 21.
Bc2 e4 22. f4 Bf7 23. b3 Qd7 24. Kb2 Kb8 25. Ra1 Qc6 26. Qe2 h5 27. Qd2 Rh8 28.
Rh1 Bd5 29. Rh2 Rh7 30. Rd1 g6 31. Re1 Qb5 32. Ra1 b6 33. cxb6 cxb6 34. Rc1 Kb7
35. Rhh1 Rc7 36. Bb1 Rdc8 37. Rxc7+ Rxc7 38. Rc1 Rxc1 39. Qxc1 Qxb4 40. Bc2 a5
41. Bd1 a4 42. Qc2 Bxb3 43. Qc1 Bxd1+ 44. Ka1 Qb3 0-1

[Event "Mechanics' Summer TNM; 30/90, SD/30"]
[Site "San Francisco"]
[Date "2012.06.19"]
[Round "5.21"]
[White "Bayaraa, Chingun"]
[Black "Sherwood, Peter"]
[Result "0-1"]
[WhiteElo "1443"]
[BlackElo "1782"]
[PlyCount "106"]
[EventDate "2012.??.??"]

1. d4 d5 2. c4 dxc4 3. Nc3 Nf6 4. Bf4 e6 5. e3 Bd6 6. Bg5 Be7 7. Nf3 O-O 8.
Bxc4 c5 9. O-O cxd4 10. Nxd4 Qc7 11. Bb3 h6 12. Bh4 a6 13. Rc1 Nc6 14. Nxc6
bxc6 15. Ne2 Rd8 16. Qc2 Bb7 17. Rfd1 Rxd1+ 18. Rxd1 Rd8 19. Nd4 c5 20. Ne2 Qc6
21. f3 g5 22. Bf2 Ng4 23. Rxd8+ Bxd8 24. Ba4 Qd5 25. e4 Qxa2 26. fxg4 Qa1+ 27.
Nc1 Bxe4 28. Qd2 Bc7 29. Bb3 Ba5 30. Qd1 Qxb2 31. Bc4 Bc2 32. Qf1 Bc7 33. Bxa6
Qe5 34. Bg3 Qd4+ 35. Kh1 Bxg3 36. hxg3 Qxg4 37. Ne2 c4 38. Nc1 Qxg3 39. Bxc4
Qh4+ 40. Kg1 Qd4+ 41. Kh2 Qh4+ 42. Kg1 Qd4+ 43. Kh2 Qd6+ 44. g3 Qd1 45. Qxd1
Bxd1 46. Be2 Bxe2 47. Nxe2 Kg7 48. Kg2 e5 49. Kf3 f5 50. Nc3 e4+ 51. Ke3 h5 52.
Nxe4 fxe4 53. Kxe4 {a theoretical draw} Kf6 {W time exp} 0-1

[Event "Mechanics' Spring TNM; 30/90, SD/30"]
[Site "?"]
[Date "2012.03.20"]
[Round "2.32"]
[White "Bayaraa, Chinguun"]
[Black "Ebert, John"]
[Result "0-1"]
[WhiteElo "1443"]
[BlackElo "1648"]
[PlyCount "36"]
[EventDate "2012.03.20"]

1. d4 e6 2. c4 f5 3. Nc3 Nf6 4. Bg5 Be7 5. e3 O-O 6. Nf3 g6 7. Rc1 d6 8. Bd3
Nbd7 9. O-O h6 10. Bh4 g5 11. Bg3 Ne8 12. h3 Ng7 13. Nd2 Nf6 14. f4 Nfh5 15.
Bh2 gxf4 16. exf4 Bf6 17. Nf3 Be7 18. Qe2 Qe8 {remainder illegible} 0-1

[Event "Mechanics' Spring TNM; 30/90, SD/30"]
[Site "San Francisco"]
[Date "2012.04.24"]
[Round "7.30"]
[White "Bayaraa, Chinguun"]
[Black "Harris, Clarence"]
[Result "0-1"]
[WhiteElo "1443"]
[BlackElo "1395"]
[PlyCount "94"]
[EventDate "2012.??.??"]

1. d4 Nf6 2. c4 g6 3. Nc3 Bg7 4. Bf4 d6 5. Nf3 Nh5 6. Bg3 Nxg3 7. hxg3 O-O 8.
e3 c5 9. Be2 Bg4 10. Qd2 Nd7 11. O-O Rc8 12. Rac1 Re8 13. Rfd1 b6 14. dxc5 bxc5
15. Nh2 Bxe2 16. Nxe2 Rb8 17. b3 Qb6 18. Nf4 Nf6 19. Nf3 Red8 20. Qe2 e6 21.
Rc2 Ne4 22. Rdc1 Qa5 23. Qf1 Rb7 24. Ne2 Rc8 25. Nh2 Qa3 26. f3 Nf6 27. Kf2 Nd7
28. Rb1 Ne5 29. Qd1 Qa6 30. Nf1 Nc6 31. Qxd6 Bf8 32. Qd1 Rd8 33. Rd2 Rxd2 34.
Qxd2 Be7 35. Rd1 Qb6 36. Nc1 Qb4 37. Qxb4 Nxb4 38. Nd2 Rd7 39. Ke2 f5 40. e4
Bf6 41. exf5 exf5 42. Nb1 Re7+ 43. Kf1 $4 (43. Kd2) 43... Nc2 44. Kg1 Bd4+ 45.
Kh2 g5 $1 46. Nd3 Re6 47. a4 Rh6# 0-1

[Event "Mechanics' Mar TNM; 30/90, SD/30"]
[Site "San Francisco"]
[Date "2012.08.21"]
[Round "4.30"]
[White "Bayaraa, Chinguun"]
[Black "Langrog, Alex"]
[Result "1/2-1/2"]
[WhiteElo "1270"]
[BlackElo "1347"]
[PlyCount "140"]
[EventDate "2012.??.??"]

1. d4 d5 2. c4 c6 3. Nc3 e5 4. dxe5 d4 5. Ne4 Qa5+ 6. Bd2 Qxe5 7. Ng3 Bg4 8. h3
Be6 9. Nf3 Qf6 10. Qb3 b5 11. Qd3 Bxc4 12. Qxd4 Be7 13. Qxf6 Nxf6 14. e3 Bxf1
15. Rxf1 O-O 16. Ke2 Nbd7 17. Rac1 Rac8 18. Nd4 Ne5 19. Ngf5 Rfe8 20. Nxe7+
Rxe7 21. b3 Ne4 22. Rfd1 a6 23. Nf3 Ng6 24. Kf1 Nxd2+ 25. Rxd2 Rec7 26. Rdc2 f6
27. Nd4 c5 28. Ne6 Rc6 29. Rxc5 Rxc5 30. Rxc5 Rxc5 31. Nxc5 a5 32. Nb7 a4 33.
bxa4 bxa4 34. a3 Ne5 35. Nc5 Nc4 36. Nxa4 Nxa3 37. Nc5 Kf7 38. Ne4 Nc4 39. Ke2
Ne5 40. Nd6+ Ke7 41. Nf5+ Kf7 42. Nd4 Ke7 43. Nf3 Nc4 44. Nd2 Ne5 45. e4 Ng6
46. Nf3 Nf4+ 47. Kf1 Ke6 48. Nd2 Ke5 49. f3 Nd3 50. Nc4+ Kf4 51. Nd6 Kg5 52.
Nf5 g6 53. Nd6 f5 54. exf5 gxf5 55. Nf7+ Kh4 56. Nd6 Kg5 57. Nc4 Kh4 58. Ne3
Kg5 59. h4+ Kf4 60. Nd5+ Kg3 61. Nf6 Nf4 62. Nxh7 Nxg2 63. h5 Nf4 64. h6 Ne6
65. Ke2 f4 66. Nf6 Nd4+ 67. Kd3 Nxf3 68. Ne4+ Kg4 69. h7 Ne1+ 70. Ke2 f3+ {
remainder illegible.} 1/2-1/2

[Event "Mechanics' Fall TNM; 30/90, SD/30"]
[Site "San Francisco"]
[Date "2012.10.23"]
[Round "2.21"]
[White "Bayaraa, Chinguun"]
[Black "Newey, Richard"]
[Result "0-1"]
[WhiteElo "1329"]
[BlackElo "1704"]
[PlyCount "63"]
[EventDate "2012.??.??"]

1. d4 Nf6 2. c4 g6 3. Nc3 d5 4. Bg5 c6 5. e3 Qa5 6. Nf3 Ne4 7. Qc2 Bf5 8. Bd3
Na6 9. Bxe4 Nb4 10. Qe2 dxe4 11. Ng1 Nd3+ 12. Kd1 Qb4 13. Rb1 Qxc4 14. Kc2 Rc8
15. Rd1 Bg7 16. Kb1 b5 17. Bh4 b4 18. Na4 b3 19. axb3 Qxb3 20. Qc2 Qb5 21. Ne2
Nb4 22. Qc5 Rc7 23. Qxb5 cxb5 24. Nc5 O-O 25. Nc3 a6 26. N3xe4 e5 (26... Rxc5)
27. Ka1 exd4 28. exd4 Bxd4 29. Nb3 Bg7 30. Nf6+ Bxf6 31. Bxf6 Bc2 32. Rd4 0-1

[Event "Mechanics' Spring TNM; 30/90, SD/30"]
[Site "San Francisco"]
[Date "2012.05.01"]
[Round "8.31"]
[White "Bayaraa, Chinguun"]
[Black "Olson, David"]
[Result "1-0"]
[WhiteElo "1443"]
[BlackElo "1400"]
[PlyCount "101"]
[EventDate "2012.??.??"]

1. d4 d5 2. c4 Nf6 3. Nc3 c5 4. Nf3 Nc6 5. e3 Bg4 6. dxc5 e6 7. h3 Bh5 8. Be2
Bxc5 9. O-O O-O 10. cxd5 exd5 11. Na4 Be7 12. Nc3 a6 13. Qd2 Qa5 14. a3 Rad8
15. Qc2 d4 16. exd4 Nxd4 17. Nxd4 Rxd4 18. Bxh5 Qxh5 19. Be3 Rh4 20. Qe2 Qe5
21. Qf3 Bd6 22. Qg3 Qxg3 23. fxg3 Bxg3 24. Bg5 Rc4 25. Bxf6 gxf6 26. Rxf6 Rf4
27. Rxf4 Bxf4 28. Rb1 Rd8 29. Ne4 Be3+ 30. Kf1 b6 31. Nf6+ Kg7 32. Ng4 Bf4 33.
Nf2 Rd2 34. Ne4 Rc2 35. b3 b5 36. a4 f5 37. Nf2 Be3 38. Nd1 Rc1 39. Rxc1 Bxc1
40. Ke2 bxa4 41. bxa4 f4 42. Nc3 Kg6 43. Nd5 Be3 44. Nxe3 fxe3 45. Kxe3 Kf5 46.
g3 h5 47. Kf3 Kg5 48. Ke4 Kg6 49. Kf4 Kf6 50. g4 h4 51. g5+ 1-0

[Event "Mechanics' Fall TNM; 30/90, SD/30"]
[Site "San Francisco"]
[Date "2012.11.20"]
[Round "6.23"]
[White "Bayaraa, Chinguun"]
[Black "Olson, David"]
[Result "1-0"]
[WhiteElo "1329"]
[BlackElo "1529"]
[PlyCount "89"]
[EventDate "2012.??.??"]

1. d4 d5 2. c4 e6 3. Nc3 Bb4 4. Nf3 Ne7 5. Bg5 f6 6. Bh4 c5 7. e3 Nd7 8. a3 Ba5
9. Be2 O-O 10. O-O Bc7 11. Rc1 b6 12. cxd5 Nxd5 13. Nxd5 exd5 14. dxc5 Nxc5 15.
b4 Ne6 16. Nd4 Nxd4 17. Qxd4 Be5 18. Qd2 Bb7 19. Bf3 Qd6 20. Bg3 Rad8 21. Rcd1
Ba8 22. Qa2 Kh8 23. Rd2 Rf7 24. Rfd1 Qe6 25. e4 Qe8 26. exd5 f5 27. Bxe5 Qxe5
28. Be2 Rfd7 29. Bc4 Rd6 30. Re2 Qf6 31. h3 f4 32. Rde1 Qf8 33. f3 Bxd5 34.
Bxd5 Rxd5 35. Qc2 g6 36. Qc3+ Kg8 37. Qb3 Kg7 38. Re7+ Kh6 39. Kh2 R5d7 40.
R7e5 Qf7 41. Qb1 Rd2 42. Re7 Qd5 43. Qa1 b5 44. Qg7+ Kg5 45. R1e5+ 1-0

[Event "Mechanics' Fall TNM; 30/90, SD/30"]
[Site "San Francisco"]
[Date "2012.11.27"]
[Round "7.16"]
[White "Bayaraa, Chinguun"]
[Black "Poling, Scott"]
[Result "0-1"]
[WhiteElo "1329"]
[BlackElo "1747"]
[PlyCount "104"]
[EventDate "2012.??.??"]

1. d4 e6 2. c4 Nf6 3. Nc3 Bb4 4. a3 Bxc3+ 5. bxc3 b6 6. Bg5 Ba6 7. e3 Nc6 8.
Nf3 Na5 9. Qa4 Qc8 10. Nd2 Qb7 11. f3 h6 12. Bf4 O-O 13. Be2 Qc6 14. Qb4 Nh5
15. Bg3 Nxg3 16. hxg3 Qd6 17. Kf2 c5 18. Qb2 Rac8 19. Rac1 f5 20. Qa2 Qc6 21.
f4 Qa4 22. Rhe1 Rc7 23. Rc2 Rfc8 24. Rec1 Kf8 25. d5 exd5 26. cxd5 Bxe2 27.
Kxe2 c4 28. Nf3 Nb3 29. Rd1 Rc5 30. Nh4 Ra5 31. Rb2 Rxd5 32. Qb1 Rxd1 33. Qxd1
Qxa3 34. Qc2 Rc5 35. Ng6+ Kg8 36. Rb1 Ra5 37. Ne5 d5 38. Nc6 Ra4 39. Ne5 Qf8
40. Rd1 Ra5 41. Ke1 Qc8 42. Qe2 Qe6 43. Nf3 Nc5 44. Nd4 Qe4 45. Kf1 Ra3 46. Rc1
Nd3 47. Rd1 Rxc3 48. Qd2 Ra3 49. Nb5 Rb3 50. Nc3 Qe6 51. Ne2 Rb2 52. Qc3 Qxe3
0-1

[Event "Mechanics' Fall TNM; 30/90, SD/30"]
[Site "San Francisco"]
[Date "2012.11.06"]
[Round "4.23"]
[White "Bayaraa, Chinguun"]
[Black "Shi, Jaysen"]
[Result "0-1"]
[WhiteElo "1329"]
[BlackElo "1658"]
[PlyCount "79"]
[EventDate "2012.??.??"]

1. d4 d5 2. c4 e6 3. Nc3 Bb4 4. Nf3 h6 5. Bf4 Nf6 6. e3 Ne4 7. Qc2 c6 8. Bd3
Nxc3 9. bxc3 Bd6 10. Bxd6 Qxd6 11. O-O b6 12. Rab1 Ba6 13. cxd5 Bxd3 14. Qxd3
cxd5 15. a4 O-O 16. c4 dxc4 17. Qxc4 Nc6 18. Rfc1 Rac8 19. Qa6 Rc7 20. Qb5 Rfc8
21. Rd1 Ne7 22. Qb4 Qxb4 23. Rxb4 Rc4 24. Rxc4 Rxc4 25. Ra1 f6 26. Kf1 Nd5 27.
Nd2 Rc2 28. Ke1 Nb4 29. Kd1 Rc7 30. Ne4 Nd5 31. Kd2 Kf8 32. Nd6 Rc6 33. Nb5 a6
34. Na3 Nc3 35. a5 Ne4+ 36. Ke2 b5 37. f3 Nc3+ 38. Kd3 b4 39. Nc4 Nd5 40. Rb1 {
Both players' scores stop making sense here. Black ended up winning a long
ending.} 0-1

[Event "Mechanics' Mar TNM; 30/90, SD/30"]
[Site "San Francisco"]
[Date "2012.09.11"]
[Round "7.24"]
[White "Bayaraa, Chinguun"]
[Black "Standen, Julian"]
[Result "1-0"]
[WhiteElo "1270"]
[BlackElo "1714"]
[Annotator "Donaldson"]
[PlyCount "73"]
[EventDate "2012.??.??"]

1. d4 d5 2. c4 c6 3. Nc3 Nf6 4. Bg5 e6 5. e3 Be7 6. Nf3 Nbd7 7. Rc1 O-O 8. Bd3
b6 9. cxd5 cxd5 10. O-O Bb7 11. Qe2 Rc8 12. Rfd1 h6 13. Bh4 Ne8 14. Bxe7 (14.
Bg3) 14... Qxe7 15. Bb1 Nef6 16. h3 Qd6 17. Nb5 Qb8 18. Bd3 Rfd8 19. a3 a6 20.
Nc3 b5 21. Na2 Rxc1 22. Rxc1 Rc8 23. Qd2 Nb6 24. b3 Nfd7 25. Bb1 Qd6 26. Rxc8+
Bxc8 27. Qc1 g6 28. Nb4 e5 29. dxe5 Nxe5 30. Nxe5 Qxe5 31. Nd3 Qd6 32. Ne1 a5
33. Bd3 b4 34. a4 Be6 35. Qb2 Kh7 36. Nf3 Nd7 37. Nd4 {White has a small
advantage, and went on to win in excellent style for a 6-year-old.} 1-0

[Event "Mechanics' Spring TNM; 30/90, SD/30"]
[Site "San Francisco"]
[Date "2012.04.10"]
[Round "5.27"]
[White "Bayaraa, Chinguun"]
[Black "Starr, Albert"]
[Result "0-1"]
[WhiteElo "1443"]
[BlackElo "1473"]
[PlyCount "28"]
[EventDate "2012.??.??"]

1. d4 f5 2. c4 g6 3. Nc3 Nf6 4. Bf4 Bg7 5. e3 d6 6. Nf3 O-O 7. Bd3 c5 8. dxc5
dxc5 9. Qc2 Nh5 10. Be5 Nc6 11. Bxg7 Kxg7 12. O-O $4 Nb4 13. Qd2 Qxd3 14. Qxd3
Nxd3 0-1

[Event "Mechanics' Mar TNM; 30/90, SD/30"]
[Site "San Francisco"]
[Date "2012.08.07"]
[Round "2.28"]
[White "Bayaraa, Chinguun"]
[Black "Starr, Albert"]
[Result "1/2-1/2"]
[WhiteElo "1270"]
[BlackElo "1562"]
[PlyCount "84"]
[EventDate "2012.??.??"]

1. d4 f5 2. c4 g6 3. Nc3 Nf6 4. Bg5 Bg7 5. e3 d6 6. Nf3 O-O 7. Bd3 c5 8. O-O
Be6 9. Qe2 Nbd7 10. Rac1 Bf7 11. Rfd1 a6 12. b3 Qc7 13. h3 e5 14. dxe5 dxe5 15.
Bb1 e4 16. Ne1 b6 17. Bf4 Qc6 18. Rd6 Qb7 19. Qd1 Be8 20. Nd5 Nxd5 21. Rxd5 Nf6
22. Rd2 Bc6 23. Qe2 Rad8 24. Rcd1 Rxd2 25. Rxd2 Nh5 26. Bh2 Bf6 27. Rd6 Rd8 28.
Rxd8+ Bxd8 29. Qd1 Qd7 30. Qxd7 Bxd7 31. Nc2 b5 32. cxb5 axb5 33. Kf1 Nf6 34.
Bd6 Bb6 35. Ke2 Nd5 36. Kd2 b4 37. Be5 Bc7 38. Bxc7 Nxc7 39. a3 bxa3 40. Nxa3
Nb5 41. Nc4 Be6 42. Na5 Kf7 1/2-1/2

[Event "Mechanics' Mar TNM; 30/90, SD/30"]
[Site "San Francisco"]
[Date "2012.08.21"]
[Round "4.27"]
[White "Bowles, Sam"]
[Black "Campers, Willie"]
[Result "0-1"]
[WhiteElo "1285"]
[BlackElo "1683"]
[PlyCount "96"]
[EventDate "2012.??.??"]

1. e4 c5 2. Nf3 d6 3. d4 cxd4 4. Nxd4 Nc6 5. Bb5 Bd7 6. Nc3 Qb6 7. Be3 Qa5 8.
O-O g6 9. a3 Bg7 10. b4 Qc7 11. Nd5 Qd8 12. Rc1 Nf6 13. Qd3 Ne5 14. Bxd7+ Nfxd7
15. Qd2 Nc4 16. Qd3 Nxe3 17. Qxe3 O-O 18. Nb5 a6 19. Nd4 Ne5 20. Qg5 Re8 21.
Qf4 Nc4 22. Rfd1 Nxa3 23. Nf3 h6 24. e5 Rc8 25. Rd2 Rc4 26. Qe3 Nb5 27. e6 f5
28. Nh4 Rxh4 29. c4 Re4 30. Qf3 Nd4 31. Qd1 Nxe6 32. Re2 Rxe2 33. Qxe2 Nd4 34.
Qe3 e6 35. Nf4 Qg5 36. Rd1 e5 37. Rxd4 Rd8 38. Qd2 exd4 39. g3 Re8 40. Qa2 Kh7
41. Qa5 Qg4 42. Kg2 Re7 43. Nd5 Qe4+ 44. Kh3 Rf7 45. Qd8 Qe2 46. Qxd6 Qf1+ 47.
Kh4 g5+ 48. Kh5 Qh3# 0-1

[Event "Mechanics' Mar TNM; 30/90, SD/30"]
[Site "San Francisco"]
[Date "2012.09.04"]
[Round "6.30"]
[White "Bowles, Sam"]
[Black "Lassiter, Willie"]
[Result "1-0"]
[WhiteElo "1285"]
[BlackElo "1387"]
[PlyCount "59"]
[EventDate "2012.??.??"]

1. e4 c5 2. Nf3 g6 3. d4 cxd4 4. Qxd4 Nf6 5. e5 Nh5 6. e6 f6 7. Bb5 Nc6 8.
exd7+ Bxd7 9. Qc4 Ng7 10. Bh6 a6 11. Ba4 b5 12. Bxb5 axb5 13. Qb3 Nf5 14. Bxf8
Rxf8 15. O-O Qc8 16. Nc3 Be6 17. Qxb5 Rb8 18. Qc5 Rxb2 19. a4 Rxc2 20. Rfc1
Rxc1+ 21. Rxc1 Kf7 22. Nd5 Bd7 23. Nb6 Qd8 24. Nxd7 Qxd7 25. Qxc6 Qxc6 26. Rxc6
Ra8 27. Rc4 Nd6 28. Rb4 Ra7 29. Nd4 Nb7 30. Nc6 1-0

[Event "Mechanics' Mar TNM; 30/90, SD/30"]
[Site "San Francisco"]
[Date "2012.09.18"]
[Round "8.23"]
[White "Bowles, Sam"]
[Black "Newey, Richard"]
[Result "0-1"]
[WhiteElo "1285"]
[BlackElo "1721"]
[PlyCount "50"]
[EventDate "2012.??.??"]

1. c4 Nf6 2. Nc3 g6 3. g3 d5 4. cxd5 Nxd5 5. Bg2 c6 6. Nf3 Bg7 7. d3 Nxc3 8.
bxc3 Bxc3+ 9. Bd2 Bxa1 10. Qxa1 f6 11. Bh6 Qa5+ 12. Nd2 Qh5 13. Bf4 O-O 14. O-O
Bg4 15. e4 Be2 16. Re1 Bxd3 17. e5 g5 18. Be3 Nd7 19. exf6 Nxf6 20. Bc5 Rf7 21.
Bxe7 Ng4 22. h3 Nxf2 23. Kh2 Nxh3 24. Kh1 Nf2+ 25. Kg1 Ng4 0-1

[Event "Mechanics' Mar TNM; 30/90, SD/30"]
[Site "San Francisco"]
[Date "2012.07.31"]
[Round "1.19"]
[White "Bowles, Sam"]
[Black "Royzen, Igor"]
[Result "0-1"]
[WhiteElo "1285"]
[BlackElo "1874"]
[PlyCount "92"]
[EventDate "2012.??.??"]

1. Nf3 d5 2. d4 Nf6 3. g3 Bf5 4. Bg2 e6 5. c4 c6 6. c5 b6 7. b4 a5 8. bxa5 bxc5
9. dxc5 Bxc5 10. Qa4 Qxa5+ 11. Qxa5 Rxa5 12. Bd2 Ra6 13. Nc3 Nbd7 14. O-O O-O
15. a4 Ne4 16. a5 Nxd2 17. Nxd2 Bb4 18. Rfc1 Rfa8 19. Nb3 Bxa5 20. e4 Bg6 21.
exd5 cxd5 22. Bf1 Bxc3 23. Rxa6 Rxa6 24. Bxa6 d4 25. Nxd4 Bxd4 26. Rd1 e5 27.
Bb7 Nc5 28. Rc1 h6 29. Bd5 Nd3 30. Rf1 Nxf2 31. Rxf2 Kf8 32. Kg2 Bxf2 33. Kxf2
Ke7 34. Ke3 Kd6 35. Be4 Bxe4 36. Kxe4 g6 37. g4 Ke6 38. h3 f5+ 39. gxf5+ gxf5+
40. Ke3 Kd5 41. h4 f4+ 42. Kf3 Kd4 43. h5 Kd3 44. Kf2 e4 45. Ke1 Ke3 46. Kf1
Kd2 0-1

[Event "Mechanics' Summer TNM; 30/90, SD/30"]
[Site "San Francisco"]
[Date "2012.07.10"]
[Round "8.25"]
[White "Brown, Charles"]
[Black "Hack, Richard"]
[Result "0-1"]
[WhiteElo "1219"]
[BlackElo "1666"]
[PlyCount "88"]
[EventDate "2012.??.??"]

1. d4 f5 2. c4 Nf6 3. Nf3 g6 4. Nc3 Bg7 5. Bf4 d6 6. Qd2 O-O 7. Bh6 Qe8 8. Bxg7
Kxg7 9. e3 Na6 10. a3 c5 11. d5 Bd7 12. Bd3 h6 13. O-O e5 14. dxe6 Qxe6 15.
Rfe1 Bc6 16. e4 fxe4 17. Re2 Qf5 18. Bc2 Rad8 19. Rae1 Rfe8 20. h3 Nc7 21. Nh4
Qg5 22. Qxg5 hxg5 23. Nxg6 Kxg6 24. f3 Kf7 25. Nxe4 Nxe4 26. Bxe4 Bxe4 27. Rxe4
Rxe4 28. Rxe4 Re8 29. Rg4 Ne6 30. h4 gxh4 31. Rxh4 Rg8 32. Rh7+ Rg7 33. Rh4 Nd4
34. Kh2 Nf5 35. Rf4 Rh7+ 36. Kg1 Ke6 37. Re4+ Kd7 38. Kf2 Re7 39. Rf4 Nd4 40.
g4 Re2+ 41. Kg3 Rxb2 42. Rf7+ Ke6 43. Rg7 Rb3 44. a4 Nxf3 0-1

[Event "Mechanics' Summer TNM; 30/90, SD/30"]
[Site "San Francisco"]
[Date "2012.06.05"]
[Round "3.18"]
[White "Brown, Charles"]
[Black "Margulis, Igor"]
[Result "0-1"]
[WhiteElo "1219"]
[BlackElo "2100"]
[PlyCount "38"]
[EventDate "2012.??.??"]

1. d4 d6 2. c4 e5 3. d5 f5 4. Nc3 Nf6 5. f3 g6 6. e4 Bg7 7. Bg5 h6 8. Bh4 Na6
9. a3 g5 10. Bf2 fxe4 11. Nxe4 Nxe4 12. fxe4 O-O 13. Be2 Nc5 14. Nf3 Nxe4 15.
O-O Nxf2 16. Rxf2 e4 17. Qb3 exf3 18. Bxf3 g4 19. Qd3 gxf3 0-1

[Event "Mechanics' Summer TNM; 30/90, SD/30"]
[Site "San Francisco"]
[Date "2012.06.19"]
[Round "5.24"]
[White "Brown, Charles"]
[Black "Newey, Richard"]
[Result "0-1"]
[WhiteElo "1219"]
[BlackElo "1641"]
[PlyCount "64"]
[EventDate "2012.??.??"]

1. d4 Nf6 2. c4 g6 3. Nc3 d5 4. Nf3 Bg7 5. Bd2 O-O 6. Qc1 dxc4 7. Bh6 Bg4 8.
Bxg7 Kxg7 9. Qd1 a6 10. e4 b5 11. a3 Nc6 12. d5 Ne5 13. Be2 Bxf3 14. Bxf3 Nd3+
15. Kf1 Qd6 16. Qd2 Rab8 17. b4 Qe5 18. Re1 Nxe1 19. Qxe1 Rfd8 20. Qe3 e6 21.
dxe6 fxe6 22. Be2 Nh5 23. g3 Nf6 24. f4 Qd4 25. Qxd4 Rxd4 26. e5 Ne4 27. Nxe4
Rxe4 28. Bg4 Kf7 29. Kg2 Rd8 30. Bf3 Re3 31. a4 Rd2+ 32. Kh3 Rxf3 0-1

[Event "Mechanics' Fall TNM; 30/90, SD/30"]
[Site "San Francisco"]
[Date "2012.11.27"]
[Round "7.13"]
[White "Brown, Nicholas"]
[Black "Delmonico, Nils"]
[Result "0-1"]
[WhiteElo "1457"]
[BlackElo "1899"]
[PlyCount "60"]
[EventDate "2012.??.??"]

1. d4 d5 2. c4 c6 3. Nf3 Nf6 4. e3 Bg4 5. Bd3 e6 6. Nc3 Nbd7 7. O-O Bd6 8. e4
dxe4 9. Nxe4 Nxe4 10. Bxe4 Nf6 11. Bg5 Qc7 12. Bxf6 gxf6 13. g3 O-O-O 14. Qb3
f5 15. Bc2 h5 16. c5 Be7 17. Rad1 h4 18. Rd2 hxg3 19. fxg3 Bxf3 20. Qxf3 Bxc5
21. Qc3 Qd6 22. Rfd1 Bb4 23. Qd3 Bxd2 24. Rxd2 Kb8 25. Qc3 Rhg8 26. Rd1 f4 27.
Rd3 fxg3 28. Rxg3 Rxg3+ 29. Qxg3 Qxg3+ 30. hxg3 Rxd4 0-1

[Event "Mechanics' Fall TNM; 30/90, SD/30"]
[Site "San Francisco"]
[Date "2012.10.30"]
[Round "3.27"]
[White "Brown, Nicholas"]
[Black "Rubandhas, Samprabhu"]
[Result "1-0"]
[WhiteElo "1457"]
[BlackElo "1266"]
[PlyCount "49"]
[EventDate "2012.??.??"]

1. d4 Nf6 2. c4 e6 3. Nc3 d5 4. e3 c5 5. Nf3 Nc6 6. cxd5 exd5 7. Bb5 Bf5 8.
dxc5 Bxc5 9. O-O O-O 10. a3 a6 11. Ba4 d4 12. exd4 Nxd4 13. b4 Ba7 14. Bg5 b5
15. Bb3 Nxb3 16. Qxb3 Rc8 17. Rad1 Qc7 18. Bxf6 gxf6 19. Nd5 Bc2 20. Qb2 Rfd8
21. Nxc7 Rxd1 22. Qxc2 Rxf1+ 23. Kxf1 Bb6 24. Qc6 Bxc7 25. g3 1-0

[Event "Mechanics' Fall TNM; 30/90, SD/30"]
[Site "San Francisco"]
[Date "2012.11.20"]
[Round "6.21"]
[White "Brown, Nicholas"]
[Black "Yamamoto, Craig"]
[Result "1-0"]
[WhiteElo "1457"]
[BlackElo "1720"]
[Annotator "Donaldson"]
[PlyCount "63"]
[EventDate "2012.??.??"]

1. d4 e6 2. c4 Nf6 3. Nc3 d5 4. e3 Be7 5. Nf3 c6 6. Bd3 O-O 7. O-O b6 8. Qc2
Re8 9. e4 dxe4 10. Nxe4 Nbd7 11. Bg5 g6 12. Rfe1 Bf8 13. Ne5 Bg7 14. Nxc6 Qc7
15. Ne5 Nxe4 16. Bxe4 Bb7 17. Bxb7 Qxb7 18. Nxd7 Qxd7 19. Be3 Rad8 20. Rad1 Qc6
21. b3 Rc8 22. Qd2 Red8 23. Qe2 Qe4 24. Qd3 Qc6 25. Re2 a5 26. Red2 Qd6 27. Qe2
Qb4 28. d5 exd5 29. Rxd5 Re8 30. Rb5 Qc3 31. g3 Rcd8 32. Rc1 $4 {
Black resigned, missing 32...Qxc1+, turning the tables.} (32. Rxd8 Rxd8 33.
Bxb6) 1-0

[Event "Mechanics' Fall TNM; 30/90, SD/30"]
[Site "San Francisco"]
[Date "2012.11.06"]
[Round "4.5"]
[White "Byambaa, Uyanga"]
[Black "Chernobilskiy, Mikhail"]
[Result "1-0"]
[WhiteElo "2093"]
[BlackElo "1871"]
[PlyCount "65"]
[EventDate "2012.??.??"]

1. e4 c5 2. Nf3 d6 3. d4 cxd4 4. Nxd4 Nf6 5. Nc3 g6 6. Be3 Bg7 7. f3 O-O 8. Qd2
Nc6 9. g4 Nxd4 10. Bxd4 Be6 11. O-O-O Qa5 12. Kb1 Rfc8 13. b3 Rc7 14. Nb5 Qxd2
15. Rxd2 Rd7 16. Bxa7 Bxg4 17. fxg4 Nxe4 18. Rg2 Rdd8 19. a4 Nc3+ 20. Nxc3 Bxc3
21. Bb6 Rdc8 22. Bb5 d5 23. h4 e5 24. h5 g5 25. Re2 h6 26. Rd1 d4 27. Rf1 f6
28. Rxf6 Rf8 29. Ref2 Rxf6 30. Rxf6 Kg7 31. Rg6+ Kh7 32. Bd3 e4 33. Bxe4 1-0